000 00651cam a2200205 4500500
005 20260329005756.0
041 _afre
042 _adc
100 1 0 _aDegiovanni, Clara
_eauthor
245 0 0 _a“L’Odyssée au Louvre”, de Barbara Cassin : heureux qui comme Ulysse au musée
260 _c2024.
500 _a83
690 _aBarbara Cassin
690 _aGrèce Antique
690 _aLouvre
690 _aOdyssée
690 _aUlysse
786 0 _nPhilosophie magazine | 185 | 12 | 2024-12-01 | p. 57-57 | 1951-1787
856 4 1 _uhttps://shs.cairn.info/magazine-philosophie-magazine-2024-12-page-57?lang=fr&redirect-ssocas=7080
999 _c1846497
_d1846497